000 00747nam a22002171a 4500
001 49710
003 BD-RjUL
005 20211209054721.0
008 180508s2016 bg a 000 0 eng d
020 _a9789843396334
_c: Complimentary
035 _a(BD-RjUL)49830
040 _aBD-RjUL
_cBD-RjUL
_dBD-RjUL
_beng
041 _aeng
082 _223
_aRA 330.954923021
_bCHA 2016
110 1 _aBangladesh Bureau of Statistics (BBS)
_9221375
245 1 0 _aEconomic Census 2013, District Report:
_bChandpur /
_cBangladesh Bureau of Statistics (BBS)
260 _aDhaka:
_bBBS,
_c2016
300 _axxviii, 515 p. :
_bIll. ;
_c28 cm.
650 _aBangladesh
_zChandpur
_xEconomic conditions
_y21st century
_vStatistics
_9221376
942 _2ddc
_cRAR
999 _c49710
_d49710